<?xml version="1.0" encoding="UTF-8"?>
<record
    xmlns:xsi="http://www.w3.org/2001/XMLSchema-instance"
    xsi:schemaLocation="http://www.loc.gov/MARC21/slim http://www.loc.gov/standards/marcxml/schema/MARC21slim.xsd"
    xmlns="http://www.loc.gov/MARC21/slim">

  <leader>01357    a2200229   4500</leader>
  <controlfield tag="001">36165</controlfield>
  <controlfield tag="005">20260407155638.0</controlfield>
  <controlfield tag="008">260407a1996    arg                 spa d</controlfield>
  <controlfield tag="003">AR-UNSa-BCEJYS</controlfield>
  <datafield tag="040" ind1=" " ind2=" ">
    <subfield code="a">AR-UNSa-BCEJYS</subfield>
    <subfield code="b">spa</subfield>
    <subfield code="c">AR-UNSa-BCEJYS</subfield>
  </datafield>
  <datafield tag="080" ind1=" " ind2=" ">
    <subfield code="a">658.016.7</subfield>
    <subfield code="x">Principios generales. Eficiencia. Racionalizaci&#xF3;n. Productividad (Reingenier&#xED;a)</subfield>
  </datafield>
  <datafield tag="245" ind1="1" ind2="0">
    <subfield code="a">Reingenier&#xED;a de la direcci&#xF3;n</subfield>
    <subfield code="p">el imperativo del nuevo liderazgo</subfield>
  </datafield>
  <datafield tag="020" ind1=" " ind2=" ">
    <subfield code="a">84-7978-259-5</subfield>
  </datafield>
  <datafield tag="264" ind1=" " ind2="1">
    <subfield code="a">Madrid :</subfield>
    <subfield code="b">Ediciones Diaz de Santos</subfield>
    <subfield code="c">1996</subfield>
  </datafield>
  <datafield tag="300" ind1=" " ind2=" ">
    <subfield code="a">273 p.</subfield>
    <subfield code="c">23 cm.</subfield>
  </datafield>
  <datafield tag="505" ind1=" " ind2=" ">
    <subfield code="a">1.&#xBF;La direcci&#xF3;n?&#xBF;Por qu&#xE9; aplicar la reingenir&#xED;a a la direcci&#xF3;n - 2. La ordal&#xED;a de la direcci&#xF3;n - 3. Viviendo las preguntas - 4. En resumen, &#xBF;para qu&#xE9; existe esta empresa? - 5. &#xBF;C&#xF3;mo decidimos?:casos concretos - 6.&#xBF;Qu&#xE9; clase de cultura deseamos? - 7. &#xBF;Que deseamos?: casos concretos - 8.&#xBF; C&#xF3;mo vamos hacer nuestro trabajo? - 9. Pensando en los procesos de la direcci&#xF3;n: casos concretos - 10.&#xBF; Con que tipo de personas deseamos trabajar? - 11. &#xBF;C&#xF3;mo elegimos?: casos concretos - 12. La segunda revoluci&#xF3;n de la direcci&#xF3;n - Indice. </subfield>
  </datafield>
  <datafield tag="942" ind1=" " ind2=" ">
    <subfield code="c">BK</subfield>
  </datafield>
  <datafield tag="590" ind1=" " ind2=" ">
    <subfield code="a">niveau_biblio:m niveau_hierar:0</subfield>
  </datafield>
  <datafield tag="100" ind1="1" ind2=" ">
    <subfield code="a">Champy, James</subfield>
  </datafield>
  <datafield tag="700" ind1="1" ind2=" ">
    <subfield code="a">Soriano Soriano, Claudio L.</subfield>
  </datafield>
  <datafield tag="856" ind1="4" ind2="1">
    <subfield code="u">https://biblioeco.unsa.edu.ar/pmb/images/libros/L69899.jpg</subfield>
    <subfield code="y">Imagen de portada</subfield>
    <subfield code="q">image/jpeg</subfield>
  </datafield>
  <datafield tag="999" ind1=" " ind2=" ">
    <subfield code="c">2619</subfield>
    <subfield code="d">2619</subfield>
  </datafield>
  <datafield tag="952" ind1=" " ind2=" ">
    <subfield code="0">0</subfield>
    <subfield code="1">0</subfield>
    <subfield code="4">0</subfield>
    <subfield code="7">0</subfield>
    <subfield code="a">BCEJYS</subfield>
    <subfield code="b">BCEJYS</subfield>
    <subfield code="c">16</subfield>
    <subfield code="d">2026-04-07</subfield>
    <subfield code="l">0</subfield>
    <subfield code="o">658.016.7 C449</subfield>
    <subfield code="p">L69899</subfield>
    <subfield code="r">2026-04-07 15:56:38</subfield>
    <subfield code="w">2026-04-07</subfield>
    <subfield code="y">L</subfield>
  </datafield>
</record>
